Món TV : la cultura de la televisió / direcció del catàleg: Jordi Balló ; coordinació: Marina Palà la cultura de la televisió / direcció del catàleg:

Descripción Física: 224 p. : il., col. ; 33 cm

MARC

LEADER 00000nam a2200000Ia 4500
001 12230
008 160829s1999 xx 000 0 cat d
080 |a B-1-32 
245 |a Món TV :  |b  la cultura de la televisió / direcció del catàleg:  |b  Jordi Balló ; coordinació:  |b  Marina Palà 
260 |a Barcelona :  |b Centre de Cultura Contemporània de Barcelona ; Institut d'Edicions de la Diputació de Barcelona,  |c 1999 
300 |a 224 p. :  |b  il., col. ;  |c 33 cm 
590 |a Catàleg de l'exposició que amb el mateix nom es va presentar al Centre de Cultura Contemporània de Barcelona entre el 2 de març i el 25 de juliol del 1999. Guió i direcció de l'exposició, Jordi Balló.  
590 |a Textos en català i castellà 
650 |a Programes televisius   |9 37460 
650 |a Televisió  |x Història  |x Exposicions  |9 37461 
700 1 |a Balló, Jordi  |9 34403 
700 1 |a Palà, Marina   |e editor  |9 41454 
710 2 |a Centre de Cultura Contemporània de Barcelona  |9 52510 
710 |a Barcelona (Catalunya : Província).  |b Institut d'Edicions  |9 53854 
901 |a Arxiu 
942 |n 1  |2 udc 
952 |0 0  |1 0  |4 0  |6 B132  |7 1  |9 47881  |a Arxiu  |b Arxiu  |d 2016-12-01  |l 0  |o B-1-32  |p 12230  |r 2016-12-01 00:00:00  |w 2016-12-01  |y ARXIU 
999 |c 51681  |d 51681